Wi-Fi: Módní vlna, nebo revoluční mobilita?
Bezdrôtové siete Wi-Fi a nová mobilná technológia Intel Centrino. Prístupové body, tzv. "Hot Spoty". Výhody a nevýhody Wi-Fi siete. Využitie bezdrôtovej siete v budúcnosti. Vymedzenie pojmov Wi-Fi, Intel Centrino.
Salvato in:
| Autore principale: | |
|---|---|
| Natura: | Capitolo di libro |
| Lingua: | ceco |
| Soggetti: | |
| Tags: |
Nessun Tag, puoi essere il primo ad aggiungerne!!
|
MARC
| LEADER | 00000naa$a2200000$$$4500 | ||
|---|---|---|---|
| 001 | 0006209 | ||
| 005 | 20231018123906.6 | ||
| 041 | 0 | |a cze | |
| 044 | |a CZ | ||
| 245 | 1 | 0 | |a Wi-Fi: Módní vlna, nebo revoluční mobilita? |c aut. Pavel Hrůza |
| 520 | |a Bezdrôtové siete Wi-Fi a nová mobilná technológia Intel Centrino. Prístupové body, tzv. "Hot Spoty". Výhody a nevýhody Wi-Fi siete. Využitie bezdrôtovej siete v budúcnosti. Vymedzenie pojmov Wi-Fi, Intel Centrino. | ||
| 610 | 2 | 0 | |a technológie informačné |
| 610 | 2 | 0 | |a technológie komunikačné |
| 610 | 2 | 0 | |a internet |
| 610 | 2 | 0 | |a siete mobilné |
| 610 | 2 | 0 | |a počítače |
| 100 | 1 | |a Hrůza, Pavel | |